[Event "96th ch-GER Candidates"]
[Site "Munich GER"]
[Date "2025.05.19"]
[Round "4.13"]
[White "Philipp, Mathias"]
[Black "Voicu-Jagodzinsky, Carmen"]
[Result "0-1"]
[WhiteTitle "CM"]
[BlackTitle "WGM"]
[WhiteElo "2159"]
[BlackElo "2220"]
[WhiteFideId "12958883"]
[BlackFideId "1206729"]
[EventDate "2025.05.17"]

1. e4 c5 2. Nf3 d6 3. c3 Nf6 4. Be2 g6 5. O-O Bg7 6. Bb5+ Bd7 7. Bxd7+ Nbxd7 8.
Re1 O-O 9. d4 e5 10. dxe5 dxe5 11. a4 Qc7 12. Na3 Rad8 13. Qb3 h6 14. Nc4 Rfe8
15. a5 Qc6 16. Qa4 Qe6 17. Ne3 Nb8 18. h3 Nc6 19. Qc4 Qc8 20. Nd2 Ne7 21. f3 Nh5
22. b4 Nf4 23. Nb3 cxb4 24. cxb4 Qxc4 25. Nxc4 Nd3 26. Rd1 Nxb4 27. Ba3 Nec6 28.
Bxb4 Nxb4 29. Nc5 Rxd1+ 30. Rxd1 Rc8 31. Rb1 Bf8 0-1

[Event "96th ch-GER Candidates"]
[Site "Munich GER"]
[Date "2025.05.19"]
[Round "4.14"]
[White "Grossmann, Piet"]
[Black "Ollenberger, Roland"]
[Result "0-1"]
[BlackTitle "FM"]
[WhiteElo "2063"]
[BlackElo "2206"]
[WhiteFideId "16234359"]
[BlackFideId "24608440"]
[EventDate "2025.05.17"]

1. e4 c5 2. Nf3 d6 3. d4 cxd4 4. Nxd4 Nf6 5. Nc3 g6 6. Be3 Bg7 7. f3 O-O 8. Bc4
Nc6 9. Qd2 Nd7 10. O-O-O Nb6 11. Bb3 Na5 12. Qe2 Nxb3+ 13. cxb3 d5 14. Kb1 e5
15. Nc2 d4 16. Bc1 Qe7 17. Nb5 Be6 18. Ne1 a5 19. Nd3 a4 20. Bd2 axb3 21. Bb4
Qd8 22. Na3 bxa2+ 23. Ka1 Re8 24. Nc5 Na4 25. h4 Nxc5 26. Bxc5 Qa5 27. Nb5 Rec8
28. b4 Qa6 29. h5 b6 30. Be7 Bc4 31. Qf2 Qxb5 32. hxg6 fxg6 33. Qh4 h6 34. Bf6
Qxb4 35. Rc1 Bd3 0-1

[Event "96th ch-GER Candidates"]
[Site "Munich GER"]
[Date "2025.05.19"]
[Round "4.15"]
[White "Maier, Alexander"]
[Black "Steffens, Olaf"]
[Result "0-1"]
[WhiteTitle "IM"]
[BlackTitle "FM"]
[WhiteElo "2226"]
[BlackElo "2184"]
[WhiteFideId "4617061"]
[BlackFideId "4630564"]
[EventDate "2025.05.17"]

1. e4 Nc6 2. Nc3 e6 3. d4 d5 4. Nf3 Nf6 5. e5 Ne4 6. Ne2 f6 7. exf6 Qxf6 8. Ng3
e5 9. dxe5 Nxe5 10. Qxd5 Bb4+ 11. Ke2 Qa6+ 12. Ke3 Ng4+ 13. Kd4 c5+ 14. Kxe4
Qg6+ 0-1

[Event "96th ch-GER Candidates"]
[Site "Munich GER"]
[Date "2025.05.19"]
[Round "4.16"]
[White "Hoppstaedter, Daniel"]
[Black "Mueller, Thorsten"]
[Result "1-0"]
[WhiteElo "2161"]
[BlackElo "2034"]
[WhiteFideId "16243625"]
[BlackFideId "4653319"]
[EventDate "2025.05.17"]

1. d4 d5 2. c4 c6 3. cxd5 cxd5 4. Bf4 Nf6 5. Nc3 Nc6 6. e3 Bf5 7. Qb3 Qd7 8. Nf3
a6 9. Ne5 Nxe5 10. dxe5 Ne4 11. Qxd5 Nxc3 12. Qxd7+ Kxd7 13. bxc3 e6 14. f3 Bc2
15. a4 Kc6 16. Kd2 Bg6 17. e4 Rd8+ 18. Kc2 Bc5 19. Bd3 Rd7 20. Rhd1 Rhd8 21. Bg5
Rc8 22. h3 h6 23. Bh4 Be3 24. Bg3 Rdc7 25. Rab1 Rd7 26. Re1 Bc5 27. Rbd1 Rcd8
28. Bh4 Rc8 29. f4 Bh7 30. g4 Kb6 31. Rb1+ Ka7 32. Rb3 Rcc7 33. Re2 Rc6 34. f5
b6 35. Rd2 Be3 36. Rd1 Bf4 37. a5 Bxe5 38. axb6+ Kb8 39. Bxa6 g5 40. Rxd7 1-0

[Event "96th ch-GER Candidates"]
[Site "Munich GER"]
[Date "2025.05.20"]
[Round "5.1"]
[White "Hagner, Bennet"]
[Black "Vavulin, Maxim"]
[Result "1-0"]
[WhiteTitle "IM"]
[BlackTitle "GM"]
[WhiteElo "2418"]
[BlackElo "2542"]
[WhiteFideId "16224477"]
[BlackFideId "4169530"]
[EventDate "2025.05.17"]

1. e4 e5 2. Nf3 Nc6 3. Bc4 Nf6 4. d3 h6 5. O-O d6 6. a4 g6 7. a5 Bg7 8. a6 b6 9.
c3 O-O 10. Re1 Rb8 11. Na3 Na5 12. Ba2 b5 13. Nc2 c5 14. b4 Nc6 15. Be3 Ng4 16.
Qd2 Nxe3 17. Nxe3 Rb6 18. Nd5 Rb8 19. Bb3 Ne7 20. Reb1 Kh7 21. Qe3 f5 22. h3 Be6
23. Nxe7 Qxe7 24. exf5 Bxf5 25. bxc5 dxc5 26. Re1 Rfe8 27. Bd5 Rb6 28. Be4 Bc8
29. d4 cxd4 30. cxd4 Re6 31. d5 Rd6 32. Rec1 Red8 33. Rc6 Bf5 34. Rac1 R8d7 35.
h4 Qf7 36. Rxd6 Rxd6 37. Rc6 Rd8 38. h5 g5 39. d6 Rd7 40. Qd3 Bxe4 41. Qxe4+ Kg8
42. Rc8+ Bf8 43. Nxe5 Qe6 44. Qg6+ Qxg6 45. Nxg6 Rxd6 46. Rxf8+ Kg7 47. Rb8 Rxa6
48. Rxb5 Ra1+ 49. Kh2 a5 50. Ne7 a4 51. Nf5+ Kf6 52. Nxh6 a3 53. Ng4+ Ke6 54.
Rxg5 a2 55. Ra5 1-0

[Event "96th ch-GER Candidates"]
[Site "Munich GER"]
[Date "2025.05.20"]
[Round "5.2"]
[White "Gloeckler, Christian"]
[Black "Poetsch, Hagen"]
[Result "0-1"]
[WhiteTitle "FM"]
[BlackTitle "GM"]
[WhiteElo "2429"]
[BlackElo "2484"]
[WhiteFideId "34608966"]
[BlackFideId "24615137"]
[EventDate "2025.05.17"]

1. e4 c5 2. Nf3 e6 3. d4 cxd4 4. Nxd4 a6 5. Be2 Nf6 6. Nc3 Qc7 7. Qd3 Nc6 8.
Nxc6 bxc6 9. Qg3 Qxg3 10. hxg3 d5 11. g4 Bb4 12. Bd2 d4 13. g5 Nd7 14. Nd1 Bxd2+
15. Kxd2 e5 16. g3 Nc5 17. Rh4 O-O 18. b4 Ne6 19. f4 a5 20. Nf2 axb4 21. Rah1
Re8 22. Rxh7 Kf8 23. R1h4 exf4 24. gxf4 Ba6 25. Bf3 Bb5 26. Nh3 Ra3 27. Bh1 Ke7
28. f5 Rxh3 29. f6+ gxf6 30. gxf6+ Kd8 31. Rxh3 Ng5 32. Kc1 Bc4 33. Kb2 Kd7 34.
a3 bxa3+ 35. Kxa3 c5 36. Bg2 Nxh3 37. Rxh3 Rg8 38. Bh1 Rg5 39. Kb2 Ke6 40. Ra3
Kxf6 41. Ra5 Be2 42. Ra1 c4 43. Re1 c3+ 44. Kb3 Rb5+ 45. Ka4 Bc4 46. e5+ Rxe5
47. Rd1 d3 48. Kb4 dxc2 49. Rc1 Bd5 50. Bxd5 Rxd5 51. Rxc2 Ke5 52. Kc4 Rd2 53.
Rxc3 Ke4 54. Rc1 Re2 55. Rd1 Rc2+ 56. Kb3 Rc6 57. Re1+ Kd3 58. Rd1+ Ke3 59. Re1+
Kf2 60. Re7 f5 61. Rf7 Rc5 62. Kb4 Re5 63. Kc3 Ke3 64. Kc2 Rd5 65. Re7+ Kf3 66.
Kc3 f4 67. Kc4 Rd8 68. Kc3 Kf2 69. Kc2 f3 70. Rf7 Ke2 71. Re7+ Kf1 72. Rf7 f2
73. Rg7 Rd5 74. Rg8 Ke2 75. Re8+ Kf3 76. Rf8+ Ke3 77. Rf7 Rd4 0-1

[Event "96th ch-GER Candidates"]
[Site "Munich GER"]
[Date "2025.05.20"]
[Round "5.3"]
[White "Kuegel, Tobias"]
[Black "Braun, Georg"]
[Result "1/2-1/2"]
[WhiteTitle "IM"]
[BlackTitle "FM"]
[WhiteElo "2362"]
[BlackElo "2385"]
[WhiteFideId "4636295"]
[BlackFideId "24629383"]
[EventDate "2025.05.17"]

1. d4 Nf6 2. Bg5 d5 3. Bxf6 gxf6 4. e3 c5 5. dxc5 e6 6. Nf3 Bxc5 7. Be2 O-O 8.
O-O Nc6 9. c4 dxc4 10. Qc2 Qe7 11. Qxc4 f5 12. Nc3 Bd7 13. Rfd1 Rad8 14. Qf4 f6
15. Na4 Bc8 16. Nxc5 Qxc5 17. Rdc1 Qe7 18. Bb5 e5 19. Bc4+ Kh8 20. Qh6 e4 21.
Nd4 Nxd4 22. exd4 Rxd4 23. Bb3 Rfd8 24. g3 a5 25. Rd1 Rxd1+ 26. Rxd1 Rxd1+ 27.
Bxd1 Be6 28. Qd2 Bxa2 29. Qxa5 Be6 30. Be2 Kg7 31. Qb6 Qd7 32. Qc5 Bd5 33. Bb5
Bc6 34. Be2 Bd5 35. Bb5 Bc6 36. Be2 1/2-1/2

[Event "96th ch-GER Candidates"]
[Site "Munich GER"]
[Date "2025.05.20"]
[Round "5.4"]
[White "Kunin, Vitaly"]
[Black "Koepke, Christian"]
[Result "1-0"]
[WhiteTitle "GM"]
[BlackTitle "IM"]
[WhiteElo "2497"]
[BlackElo "2328"]
[WhiteFideId "4128737"]
[BlackFideId "4655737"]
[EventDate "2025.05.17"]

1. e4 c5 2. Nf3 d6 3. d4 cxd4 4. Nxd4 Nf6 5. f3 e5 6. Nb3 d5 7. Bg5 d4 8. c3 Nc6
9. cxd4 Bb4+ 10. Bd2 Nxe4 11. Bxb4 Qh4+ 12. g3 Nxg3 13. hxg3 Qxh1 14. Bc5 Bh3
15. N1d2 O-O-O 16. Qc2 Bxf1 17. O-O-O Kb8 18. Rxf1 Qg2 19. dxe5 Qxg3 20. Bd6+
Ka8 21. Nc5 Qf4 22. Re1 Qg3 23. Rd1 Nxe5 24. Nxb7 Rd7 25. Bxe5 Qxe5 26. Nc5 Rc8
27. b4 Qa1+ 28. Nb1 Rxd1+ 29. Qxd1 Qxa2 30. Qd4 Qe6 31. Nc3 Qc6 32. Kb2 a5 33.
Kb3 axb4 34. N3e4 f5 35. Qa1+ Kb8 36. Qe5+ Ka8 37. Qxf5 g6 38. Qe5 Rd8 39. Ne6
Rd3+ 40. Kb2 Rxf3 41. Nd4 Qa6 42. Qe8+ Ka7 43. Qd7+ Qb7 44. Nb5+ Kb8 45. Qe8+
Qc8 46. Qe5+ Ka8 47. Nc7+ Kb8 48. Nd5+ Ka7 49. Qd4+ Kb8 50. Nd6 Qc6 51. Qh8+ Ka7
52. Nc8+ Kb7 53. Qxh7+ Kxc8 54. Ne7+ Kb7 55. Nxc6+ Kxc6 56. Qh1 Kd5 1-0

[Event "96th ch-GER Candidates"]
[Site "Munich GER"]
[Date "2025.05.20"]
[Round "5.5"]
[White "Garner, Isaac"]
[Black "Krastev, Alexander"]
[Result "0-1"]
[BlackTitle "IM"]
[WhiteElo "2399"]
[BlackElo "2426"]
[WhiteFideId "16239261"]
[BlackFideId "12989983"]
[EventDate "2025.05.17"]

1. d4 e6 2. e4 d5 3. exd5 exd5 4. Nf3 Nc6 5. Bd3 Nb4 6. Bb5+ c6 7. Ba4 Bd6 8. c3
Na6 9. Bc2 Ne7 10. O-O Bg4 11. Re1 Qd7 12. Qd3 f6 13. a4 Nc7 14. b3 Kf7 15. c4
Ne6 16. Nc3 Bxf3 17. gxf3 Ng6 18. cxd5 Nef4 19. Qf5 Qxf5 20. Bxf5 Nh4 21. Be6+
Nxe6 22. dxe6+ Ke7 23. Re3 Rad8 24. Bb2 Nf5 25. Rd3 Kxe6 26. d5+ cxd5 27. Re1+
Kf7 28. Nxd5 Rhe8 29. Rxe8 Kxe8 30. Kg2 Bb8 31. Ba3 Kf7 32. h3 Rd7 33. Kf1 Ke6
34. Nb4 Rxd3 35. Nxd3 Kd5 36. Nb4+ Kd4 37. Bb2+ Kc5 38. Nd3+ Kd5 39. Nb4+ Ke6
40. Nd3 Bd6 41. Ke2 Kd5 42. Kd2 Nd4 43. Bxd4 Kxd4 44. Kc2 g5 45. Nc1 Bc5 46. Kd2
h5 47. Ne2+ Ke5 48. Nc1 Bb6 49. Ke2 Kd4 50. Kd2 Ba5+ 51. Kc2 h4 52. Ne2+ Kd5 53.
Kd3 f5 54. Nd4 g4 55. fxg4 fxg4 56. hxg4 h3 57. Ne2 Bc7 58. f4 h2 59. Ng3 Bxf4
60. Nh1 a5 61. Nf2 Bg5 62. Nh1 Ke5 0-1

[Event "96th ch-GER Candidates"]
[Site "Munich GER"]
[Date "2025.05.20"]
[Round "5.6"]
[White "Hertneck, Gerald"]
[Black "Miller, Eduard"]
[Result "1-0"]
[WhiteTitle "GM"]
[BlackTitle "FM"]
[WhiteElo "2420"]
[BlackElo "2338"]
[WhiteFideId "4600088"]
[BlackFideId "24687022"]
[EventDate "2025.05.17"]

1. d4 Nf6 2. c4 c5 3. d5 b5 4. cxb5 a6 5. b6 e6 6. Nc3 Nxd5 7. Nxd5 exd5 8. Qxd5
Nc6 9. Nf3 Be7 10. Ne5 O-O 11. Nxc6 dxc6 12. Qxd8 Rxd8 13. Bf4 Rd4 14. g3 Rb4
15. b3 Rxb6 16. Bg2 a5 17. O-O Be6 18. Bc7 Rb4 19. Be5 Ra6 20. Bc3 Rbb6 21. Rfb1
c4 22. bxc4 Bxc4 23. Rxb6 Rxb6 24. Bxa5 Ra6 25. Bd2 Bf6 26. Rc1 Bb5 27. Rc2 Ba4
28. Rc4 Bb5 29. Rc2 Ba4 30. Rc5 Bb5 31. Bc1 Rxa2 32. Bxc6 Ba6 33. Bf3 Kf8 34.
Kf1 Bd4 35. Rd5 Bb6 36. Bd2 Bb7 37. Bb4+ Kg8 38. Re5 Ra1+ 39. Kg2 Bxf3+ 40. Kxf3
h6 41. h4 Rb1 42. Bd6 Rd1 43. Re8+ Kh7 44. Bf4 Rd5 45. e3 h5 46. Rb8 Bd8 47. e4
Rd7 48. e5 Rd1 49. Ke4 Re1+ 50. Be3 Ba5 51. Kf5 Re2 52. Rb7 Be1 53. Rxf7 Bxf2
54. Bf4 Bd4 55. Rd7 Bc3 56. Rd3 Bb4 57. Kg5 Kg8 58. Kxh5 Kf7 59. Rd7+ Be7 60.
Bg5 Rxe5 61. Rxe7+ Rxe7 62. Bxe7 Kxe7 63. Kg6 Kf8 64. Kh7 Kf7 65. g4 Kf6 66. g5+ 1-0

[Event "96th ch-GER Candidates"]
[Site "Munich GER"]
[Date "2025.05.20"]
[Round "5.7"]
[White "Zackrisson, Peter"]
[Black "Zuferi, Enis"]
[Result "0-1"]
[BlackTitle "FM"]
[WhiteElo "2288"]
[BlackElo "2351"]
[WhiteFideId "16282078"]
[BlackFideId "24692530"]
[EventDate "2025.05.17"]

1. e4 c5 2. Nf3 d6 3. d4 cxd4 4. Nxd4 Nf6 5. Nc3 a6 6. Bg5 e6 7. f4 h6 8. Bh4
Qb6 9. a3 Nc6 10. Bf2 Qa5 11. Bd3 Nxd4 12. Bxd4 e5 13. Be3 Be7 14. h3 exf4 15.
Bxf4 Be6 16. O-O O-O 17. Qd2 Qh5 18. Ne2 d5 19. Ng3 Bc5+ 20. Kh1 Qh4 21. Nf5
Bxf5 22. exf5 Rfe8 23. Bh2 Nh5 24. Rf3 Re7 25. Bf1 Qe4 26. Rd1 Rd8 27. Bd3 Qh4
28. Qa5 b6 29. Qxa6 Rde8 30. Bf1 Re1 31. Qd3 Rxd1 32. Qxd1 Re1 33. Qd3 Bf2 34.
g4 Ng3+ 35. Kg2 Nxf1 36. Bf4 d4 37. Rxf2 Ne3+ 38. Kf3 Qxh3+ 39. Ke4 Nxg4+ 40.
Kxd4 0-1

[Event "96th ch-GER Candidates"]
[Site "Munich GER"]
[Date "2025.05.20"]
[Round "5.8"]
[White "Spitzl, Vinzent"]
[Black "Polster, Christian"]
[Result "1-0"]
[WhiteTitle "FM"]
[BlackTitle "FM"]
[WhiteElo "2355"]
[BlackElo "2295"]
[WhiteFideId "12901253"]
[BlackFideId "12965081"]
[EventDate "2025.05.17"]

1. d3 g6 2. f4 d5 3. g3 Bg7 4. Nf3 Nh6 5. Bg2 O-O 6. O-O d4 7. c3 c5 8. e4 dxe3
9. Bxe3 Qc7 10. Nbd2 Ng4 11. Qe2 Nxe3 12. Qxe3 b6 13. f5 Nc6 14. fxg6 hxg6 15.
Rf2 Bb7 16. Raf1 Rad8 17. Ng5 Ne5 18. Qf4 Bf6 19. Bxb7 Bxg5 20. Qxg5 f6 21. Qh6
Qxb7 22. Nc4 Rd5 23. Nxe5 Rxe5 24. Qxg6+ Kh8 25. Rf4 Re2 26. Rh4# 1-0

[Event "96th ch-GER Candidates"]
[Site "Munich GER"]
[Date "2025.05.20"]
[Round "5.9"]
[White "Besou, Hussain"]
[Black "Pfrommer, Christoph"]
[Result "1/2-1/2"]
[WhiteTitle "FM"]
[BlackTitle "FM"]
[WhiteElo "2351"]
[BlackElo "2272"]
[WhiteFideId "16269950"]
[BlackFideId "4603290"]
[EventDate "2025.05.17"]

1. e4 e5 2. Nf3 Nc6 3. Bb5 a6 4. Ba4 Nf6 5. O-O Be7 6. Re1 b5 7. Bb3 d6 8. c3
O-O 9. h3 Bd7 10. d4 a5 11. Nbd2 a4 12. Bc2 Re8 13. Nf1 Bf8 14. Ng3 h6 15. Be3
Na5 16. b3 axb3 17. axb3 c5 18. d5 Qc7 19. Nh2 c4 20. b4 Nb3 21. Rxa8 Rxa8 22.
Bxb3 cxb3 23. Qxb3 Ra4 24. f4 exf4 25. Bxf4 Qa7+ 26. Be3 Qa6 27. Qd1 Be7 28. Nf3
Ra2 29. Nd4 Ne8 30. Ndf5 Bf6 31. Rf1 Bxf5 32. Nxf5 Bxc3 33. Qg4 Kf8 34. Nxh6 Ra1
35. Nf5 Rxf1+ 36. Kxf1 Qa1+ 37. Ke2 Qe1+ 38. Kf3 Qd1+ 39. Kf2 Qe1+ 40. Kf3 Qd1+
41. Kf2 1/2-1/2

[Event "96th ch-GER Candidates"]
[Site "Munich GER"]
[Date "2025.05.20"]
[Round "5.10"]
[White "Voicu-Jagodzinsky, Carmen"]
[Black "Kocharin, Timur"]
[Result "1/2-1/2"]
[WhiteTitle "WGM"]
[BlackTitle "FM"]
[WhiteElo "2220"]
[BlackElo "2324"]
[WhiteFideId "1206729"]
[BlackFideId "16240936"]
[EventDate "2025.05.17"]

1. d4 Nf6 2. Bf4 b6 3. Nf3 Bb7 4. e3 g6 5. h3 Bg7 6. Be2 O-O 7. O-O d6 8. c4
Nbd7 9. Bh2 Ne4 10. Qc2 e5 11. d5 f5 12. Nbd2 Nxd2 13. Nxd2 a5 14. Rac1 Qe7 15.
b3 Kh8 16. a3 e4 17. Nb1 Ne5 18. Nc3 g5 19. b4 axb4 20. axb4 Rae8 21. Nb5 f4 22.
Bh5 Ng6 23. Rfd1 Bc8 24. c5 bxc5 25. bxc5 Be5 26. cxd6 cxd6 27. Bxg6 hxg6 28.
Qxe4 Bf5 29. Qf3 Qd7 30. exf4 gxf4 31. Nd4 Qg7 32. Nxf5 Rxf5 33. Qd3 Qf7 34. Re1
f3 35. Bxe5+ Rfxe5 36. Rxe5 Rxe5 37. Qxf3 Qxf3 38. gxf3 Rxd5 39. Rc7 Rg5+ 40.
Kf1 Rh5 41. Rd7 Rxh3 42. Rxd6 Kg7 1/2-1/2

[Event "96th ch-GER Candidates"]
[Site "Munich GER"]
[Date "2025.05.20"]
[Round "5.11"]
[White "Herbrig, Alexander"]
[Black "Manucharyan, Andriy"]
[Result "1/2-1/2"]
[WhiteTitle "FM"]
[WhiteElo "2297"]
[BlackElo "2141"]
[WhiteFideId "12952044"]
[BlackFideId "16260910"]
[EventDate "2025.05.17"]

1. d4 Nf6 2. c4 e6 3. Nf3 d5 4. g3 Bb4+ 5. Bd2 a5 6. Bg2 O-O 7. Qc2 c5 8. cxd5
cxd4 9. Nxd4 Nxd5 10. O-O Bd7 11. Rd1 Qb6 12. e4 Rc8 13. Qd3 Bc5 14. exd5 Bxd4
15. Bc3 Bxf2+ 16. Kh1 Bc5 17. Nd2 exd5 18. Bxd5 Bc6 19. Nc4 Qc7 20. Ne5 Bxd5+
21. Qxd5 Bb4 22. Rf1 Bxc3 23. bxc3 Nc6 24. Nd7 Nd8 25. Rae1 Ne6 26. Rxf7 Qc6 27.
Qxc6 Rxc6 28. Re7 Nf8 29. R1e3 Ng6 30. R7e4 Rac8 31. h4 Rxc3 32. Rxc3 Rxc3 33.
h5 Nf8 34. Re8 Rf3 35. Rb8 Rf7 36. Nxf8 Rxf8 37. Rxb7 Rf2 38. Rb8+ Kf7 39. Rb7+
Kf6 40. Rb6+ Kf7 41. Rb7+ Kf6 42. Rb6+ Kg5 43. Rb5+ Rf5 44. a4 Kg4 45. h6 gxh6
46. Kg2 h5 47. Rb7 h6 1/2-1/2

[Event "96th ch-GER Candidates"]
[Site "Munich GER"]
[Date "2025.05.20"]
[Round "5.12"]
[White "Lippert, Daniel"]
[Black "Sauer, Tim"]
[Result "0-1"]
[WhiteElo "2227"]
[BlackElo "2139"]
[WhiteFideId "16261895"]
[BlackFideId "16265726"]
[EventDate "2025.05.17"]

1. e4 c5 2. Nf3 g6 3. d4 cxd4 4. Nxd4 Nc6 5. Nc3 Bg7 6. Be3 Nf6 7. Nxc6 bxc6 8.
e5 Ng8 9. Bd4 Qa5 10. f4 f6 11. Qd2 fxe5 12. fxe5 c5 13. Bf2 Bxe5 14. Nd5 Qxd2+
15. Kxd2 Bb7 16. Re1 Bd6 17. Bc4 Rb8 18. Bh4 Bxd5 19. Bxd5 Bf4+ 20. Kd3 g5 21.
Bf2 Nf6 22. Bb3 Rc8 23. h3 d5 24. c4 d4 25. Re6 Kf7 26. Ra6 Bb8 27. Rf1 Rhf8 28.
Bd1 Kg7 29. Bf3 h5 30. b4 cxb4 31. Bxd4 e5 32. Bxa7 Rfd8+ 33. Ke2 e4 0-1

[Event "96th ch-GER Candidates"]
[Site "Munich GER"]
[Date "2025.05.20"]
[Round "5.13"]
[White "Saglam, Buelent"]
[Black "Hoppstaedter, Daniel"]
[Result "1-0"]
[WhiteElo "2114"]
[BlackElo "2161"]
[WhiteFideId "24694827"]
[BlackFideId "16243625"]
[EventDate "2025.05.17"]

1. e4 c6 2. d4 d5 3. e5 Bf5 4. g4 Bg6 5. Ne2 e6 6. Nf4 Be4 7. f3 Qh4+ 8. Ke2 h5
9. Bg2 Bh7 10. Nxh5 c5 11. c3 Nc6 12. Be3 Rc8 13. Qa4 Kd8 14. Na3 c4 15. Bf2
Bd3+ 16. Ke1 Qg5 17. h4 Qh6 18. Bf1 Qh7 19. Rd1 Be4 20. Be2 Bg6 21. Nf4 Nge7 22.
h5 Qg8 23. Bh4 Bh7 24. Bg5 Kd7 25. b3 f6 26. exf6 gxf6 27. Bxf6 Qf7 28. Bxh8
Qxf4 29. bxc4 Qe3 30. Qb3 Bh6 31. cxd5 Nxd5 32. Nc4 Qxc3+ 33. Qxc3 Nxc3 34. Ne5+
Nxe5 35. Bxe5 Nxd1 36. Bxd1 Bc2 37. f4 Bf8 38. Bxc2 Rxc2 39. Rh3 1-0

[Event "96th ch-GER Candidates"]
[Site "Munich GER"]
[Date "2025.05.20"]
[Round "5.14"]
[White "Ollenberger, Roland"]
[Black "Philipp, Mathias"]
[Result "1-0"]
[WhiteTitle "FM"]
[BlackTitle "CM"]
[WhiteElo "2206"]
[BlackElo "2159"]
[WhiteFideId "24608440"]
[BlackFideId "12958883"]
[EventDate "2025.05.17"]

1. e4 d5 2. exd5 Qxd5 3. Nc3 Qa5 4. d4 Nf6 5. Bc4 Bg4 6. Ne2 e6 7. h3 Bf5 8. Bd2
Qb6 9. Be3 Nbd7 10. O-O O-O-O 11. a3 c5 12. b4 cxb4 13. axb4 Bxb4 14. Rb1 Qa5
15. Nb5 a6 16. Na7+ Kc7 17. Bf4+ Bd6 18. Bd2 Qa3 19. Ra1 Qb2 20. Ra2 Bxc2 21.
Ba5+ b6 22. Qd2 Qxa2 23. Bxa2 Be4 24. Nc3 Kb7 25. Nxe4 Nxe4 26. Qc2 bxa5 27. Nc6 1-0

[Event "96th ch-GER Candidates"]
[Site "Munich GER"]
[Date "2025.05.20"]
[Round "5.15"]
[White "Steffens, Olaf"]
[Black "Grossmann, Piet"]
[Result "0-1"]
[WhiteTitle "FM"]
[WhiteElo "2184"]
[BlackElo "2063"]
[WhiteFideId "4630564"]
[BlackFideId "16234359"]
[EventDate "2025.05.17"]

1. d4 d5 2. Nc3 e6 3. Bf4 Bb4 4. e3 Nf6 5. Bd3 c5 6. dxc5 Nbd7 7. Ne2 Nxc5 8. a3
Nxd3+ 9. Qxd3 Bd6 10. O-O-O Bxf4 11. exf4 O-O 12. f3 Qa5 13. h4 b6 14. h5 Ba6
15. Qe3 Bxe2 16. Nxe2 Rfc8 17. h6 Qc5 18. Nd4 g6 19. g4 Nd7 20. Kb1 b5 21. Qd2
Nb6 22. f5 e5 23. Nb3 Qc7 24. fxg6 fxg6 25. f4 exf4 26. Nd4 Nc4 27. Qc3 Ne3 28.
Nc6 Qb7 29. Qe5 Rxc6 30. Rxd5 Qc7 31. Qd4 Rc4 32. Qf6 Nxd5 33. Qe6+ Qf7 0-1

[Event "96th ch-GER Candidates"]
[Site "Munich GER"]
[Date "2025.05.20"]
[Round "5.16"]
[White "Mueller, Thorsten"]
[Black "Maier, Alexander"]
[Result "0-1"]
[BlackTitle "IM"]
[WhiteElo "2034"]
[BlackElo "2226"]
[WhiteFideId "4653319"]
[BlackFideId "4617061"]
[EventDate "2025.05.17"]

1. d4 d6 2. Nf3 g6 3. Bf4 Bg7 4. e3 Nd7 5. c3 e5 6. Bg3 Qe7 7. Be2 Nh6 8. h3 O-O
9. Na3 a6 10. Nc4 Nf5 11. Bh2 e4 12. Nfd2 Re8 13. a4 Bh6 14. g4 Nh4 15. Bg3 Ng2+
16. Kf1 Nh4 17. Qc2 Bg5 18. Na5 Nf6 19. c4 c5 20. Nab3 a5 21. Nb1 b6 22. Nc3 Bb7
23. d5 Rad8 24. Nd2 Bc8 25. Ra3 h5 26. Qd1 Kg7 27. Rb3 hxg4 28. hxg4 Rh8 29.
Rxb6 Nf5 30. Kg2 Nxg3 31. Kxg3 Rxh1 32. Qxh1 Rh8 33. Qg1 Qe5+ 34. Kg2 Rh4 35.
Kf1 Bxg4 36. Bxg4 Rxg4 37. Qh1 Rh4 38. Qg2 Rh2 39. Qg1 Bxe3 40. fxe3 Rxd2 41.
Ke1 Rh2 42. Ne2 Qh5 43. Ng3 Qh3 44. Nf5+ Kh7 45. Qg5 Rh1+ 46. Kd2 Qh2+ 47. Kc3
Rc1+ 48. Kb3 Qc2+ 49. Ka2 Qxa4# 0-1

[Event "96th ch-GER Candidates"]
[Site "Munich GER"]
[Date "2025.05.21"]
[Round "6.1"]
[White "Poetsch, Hagen"]
[Black "Hagner, Bennet"]
[Result "1-0"]
[WhiteTitle "GM"]
[BlackTitle "IM"]
[WhiteElo "2484"]
[BlackElo "2418"]
[WhiteFideId "24615137"]
[BlackFideId "16224477"]
[EventDate "2025.05.17"]

1. e4 c5 2. Nf3 d6 3. d4 cxd4 4. Nxd4 Nf6 5. Nc3 a6 6. g3 e5 7. Nf3 Be7 8. Nh4
O-O 9. Bg2 Nc6 10. Nf5 Bxf5 11. exf5 e4 12. g4 d5 13. g5 Ne8 14. Qxd5 Bxg5 15.
Qxd8 Bxd8 16. Be3 Nf6 17. Nxe4 Nd5 18. Bc5 Ba5+ 19. Kf1 Rfd8 20. Nd6 Bb4 21.
Bxd5 Bxc5 22. Bxf7+ Kf8 23. Nxb7 Kxf7 24. Nxc5 Rd2 25. Rc1 Nb4 26. a3 Rxc2 27.
Kg2 Rxc1 28. Rxc1 Nd5 29. Rd1 Ne7 30. Rd7 a5 31. Rb7 Rd8 32. Ra7 Rb8 33. b3 Rb5
34. Rc7 Rb6 35. Rb7 Rd6 36. Ra7 Rd5 37. Rxa5 Nxf5 38. Nb7 Ke6 39. Nc5+ Ke5 40.
b4 Kf4 41. Ra7 Nh4+ 42. Kf1 Nf5 43. Rd7 Rxd7 44. Nxd7 Ke4 45. a4 Nd6 46. Ke2 Kd4
47. b5 Nc4 48. b6 Na5 49. Nf8 Kc5 50. Nxh7 Kxb6 51. Ng5 Nc4 52. Ne6 g6 53. f4
Nb2 54. Kf3 1-0

[Event "96th ch-GER Candidates"]
[Site "Munich GER"]
[Date "2025.05.21"]
[Round "6.2"]
[White "Vavulin, Maxim"]
[Black "Kuegel, Tobias"]
[Result "0-1"]
[WhiteTitle "GM"]
[BlackTitle "IM"]
[WhiteElo "2542"]
[BlackElo "2362"]
[WhiteFideId "4169530"]
[BlackFideId "4636295"]
[EventDate "2025.05.17"]

1. e4 e5 2. Nf3 Nf6 3. d3 Nc6 4. g3 d5 5. exd5 Qxd5 6. Bg2 e4 7. Nc3 Bb4 8. Ng5
Bxc3+ 9. bxc3 Bg4 10. Nxe4 O-O-O 11. f3 Rhe8 12. Be3 Nxe4 13. fxe4 Qh5 14. Qd2
f5 15. O-O fxe4 16. Rf4 exd3 17. Bxc6 bxc6 18. cxd3 Bf5 19. d4 Re4 20. Raf1 Rxf4
21. Bxf4 Bh3 22. Rb1 Re8 23. Qb2 Kd7 24. Qb7 Rc8 25. Qb3 g5 26. d5 gxf4 27.
dxc6+ Ke7 28. Re1+ Kf8 29. Re4 Qc5+ 30. Kh1 Qxc6 31. Qb4+ Kg8 32. Kg1 Qb6+ 0-1